ANYTHING BUT ORDINARY (Record no. 216586)

MARC details
000 -LEADER
fixed length control field 00372nam a22001457a 4500
008 - FIXED-LENGTH DATA ELEMENTS--GENERAL INFORMATION
fixed length control field 260218b |||||||| |||| 00| 0 eng d
020 ## - INTERNATIONAL STANDARD BOOK NUMBER
International Standard Book Number 13:978-0-374-30374-7
050 ## - LIBRARY OF CONGRESS CALL NUMBER
Classification number PZ 7.H63 2007
100 ## - MAIN ENTRY--PERSONAL NAME
Personal name HOBBS VALERIE
245 ## - TITLE STATEMENT
Title ANYTHING BUT ORDINARY
260 ## - PUBLICATION, DISTRIBUTION, ETC.
Place of publication, distribution, etc. NEWYORK
Name of publisher, distributor, etc. FRANCES FOSTER BOOKS
Date of publication, distribution, etc. 2007
300 ## - PHYSICAL DESCRIPTION
Extent X,168
942 ## - ADDED ENTRY ELEMENTS (KOHA)
Source of classification or shelving scheme Library of Congress Classification
Koha item type Long Loan Book
Holdings
Withdrawn status Lost status Source of classification or shelving scheme Damaged status Not for loan Collection Home library Current library Shelving location Date acquired Inventory number Total checkouts Full call number Barcode Date last seen Copy number Price effective from Koha item type
    Library of Congress Classification     Fiction & Motivational Kisii University Library Kisii University Library On Display 02/18/2026 66925   PZ 7.H63 2007 000000018272 02/18/2026 1 02/18/2026 Long Loan Book